000 00249nam a22000977a 4500
008 240220b |||||||| |||| 00| 0 eng d
082 _aA-N
_bMERS
100 1 0 _aMeruane, Lina
_eautor
_943457
245 _aSangre en el ojo /
_cLina Meruane
942 _2ddc
999 _c30646
_d17030